Закономерности формирования фазового состава материалов, полученных из порошковых смесей; Перспективы развития фундаментальных наук; Т. 2 : Химия

Bibliografiset tiedot
Parent link:Перспективы развития фундаментальных наук=Prospects of Fundamental Sciences Development: сборник научных трудов XV Международной конференции студентов, аспирантов и молодых ученых, г. Томск, 24-27 апреля 2018 г./ Национальный исследовательский Томский политехнический университет (ТПУ) ; под ред. И. А. Курзиной, Г. А. Вороновой.— , 2018
Т. 2 : Химия.— 2018.— [С. 228-230]
Päätekijä: Никитин П. Ю.
Yhteisötekijä: Национальный исследовательский Томский государственный университет (ТГУ)
Muut tekijät: Жуков И. А. (научный руководитель), Дубкова Я. А.
Yhteenveto:Заглавие с экрана
In this paper studied regularities of formation of the phase composition of materials obtained from powder mixtures Al-Mg-B. It was found that the average particle size of maximally reduced after 4 hour mechanical treatment. Number of AlMgB14 in the sample obtained from the powder mixture after 4 hours of mechanical activation consist 74 wt %. While number of AlMgB[14] in the sample obtained from the powder mixture after 5 hours of mechanical activation is lower and consist 68 wt %.
Kieli:venäjä
Julkaistu: 2018
Aiheet:
Linkit:http://earchive.tpu.ru/handle/11683/50775
Aineistotyyppi: MixedMaterials Elektroninen Kirjan osa
KOHA link:https://koha.lib.tpu.ru/cgi-bin/koha/opac-detail.pl?biblionumber=627597

MARC

LEADER 00000naa2a2200000 4500
001 627597
005 20231101133453.0
035 |a (RuTPU)RU\TPU\conf\27527 
035 |a RU\TPU\conf\27446 
090 |a 627597 
100 |a 20180917d2018 k y0rusy50 ca 
101 0 |a rus  |d eng 
102 |a RU 
105 |a y z 100zy 
135 |a drgn ---uucaa 
181 0 |a i  
182 0 |a b 
200 1 |a Закономерности формирования фазового состава материалов, полученных из порошковых смесей  |d Regularities of formation of the phase composition of materials obtained from powder mixtures Al-Mg-B  |f П. Ю. Никитин, И. А. Жуков, Я. А. Дубкова  |g науч. рук. И. А. Жуков 
203 |a Текст  |c электронный 
230 |a 1 компьютерный файл (pdf; 878 Kb) 
300 |a Заглавие с экрана 
320 |a [Библиогр.: с. 230 (4 назв.)] 
330 |a In this paper studied regularities of formation of the phase composition of materials obtained from powder mixtures Al-Mg-B. It was found that the average particle size of maximally reduced after 4 hour mechanical treatment. Number of AlMgB14 in the sample obtained from the powder mixture after 4 hours of mechanical activation consist 74 wt %. While number of AlMgB[14] in the sample obtained from the powder mixture after 5 hours of mechanical activation is lower and consist 68 wt %. 
461 1 |0 (RuTPU)RU\TPU\conf\26928  |t Перспективы развития фундаментальных наук  |l Prospects of Fundamental Sciences Development  |o сборник научных трудов XV Международной конференции студентов, аспирантов и молодых ученых, г. Томск, 24-27 апреля 2018 г.  |o в 7 т.  |f Национальный исследовательский Томский политехнический университет (ТПУ) ; под ред. И. А. Курзиной, Г. А. Вороновой  |d 2018 
463 1 |0 (RuTPU)RU\TPU\conf\26930  |t Т. 2 : Химия  |v [С. 228-230]  |d 2018 
510 1 |a Regularities of formation of the phase composition of materials obtained from powder mixtures Al-Mg-B  |z eng 
610 1 |a электронный ресурс 
610 1 |a закономерности 
610 1 |a формирование 
610 1 |a фазовый состав 
610 1 |a порошковые смеси 
610 1 |a механическая обработка 
610 1 |a механическая активация 
700 1 |a Никитин  |b П. Ю. 
701 1 |a Жуков  |b И. А. 
701 1 |a Дубкова  |b Я. А. 
702 1 |a Жуков  |b И. А.  |4 727 
712 0 2 |a Национальный исследовательский Томский государственный университет (ТГУ)  |c (2009- )  |2 stltpush  |3 (RuTPU)RU\TPU\col\17230 
801 2 |a RU  |b 63413507  |c 20181005  |g RCR 
856 4 |u http://earchive.tpu.ru/handle/11683/50775 
942 |c BK